Family therapy : (Record no. 5856)

MARC details
000 -LEADER
fixed length control field 01930cam a2200205Ka 4500
020 ## - INTERNATIONAL STANDARD BOOK NUMBER
ISBN 9780495603658
020 ## - INTERNATIONAL STANDARD BOOK NUMBER
ISBN 0495603651
050 14 - CALL NUMBER
Classification number RC488.5
Item number .G64
100 1# - AUTHOR
Personal name Goldenberg, Herbert.
245 10 - TITLE
Title Family therapy :
Remainder of title an overview /
Statement of responsibility, etc Herbert Goldenberg, Irene Goldenberg.
250 ## - EDITION
Edition statement Seventh edition; International student edition.
260 ## - PUBLICATION INFORMATION
Place of publication Belmont, CA :
Name of publisher Thomson Brooks/Cole,
Year of publication ©2008.
300 ## - DESCRIPTION
Number of Pages xxv, 514 pages :
Other physical details illustrations ;
Dimensions 24 cm.
500 ## - NOTES
General note "Foreword by Michael White"--Cover.
505 ## - FORMATTED CONTENTS NOTE
Table of Content Part I: Fundamentals of Family Psychology --<br/>Adopting a family relationship framework --<br/>Family development: continuity and change --<br/>Gender, culture, and ethnicity factors in family functioning --<br/>Interlocking systems: the individual, the family, and the community --<br/>Part II: The Development and Practice of Family Therapy --<br/>Origins of growth of family therapy --<br/>Professional issues and ethical practices --<br/>Part III: The Established Schools of Family Therapy --<br/>Psychodynamic models --<br/>Transgenerational models --<br/>Experiential models --<br/>The structural model --<br/>Strategic models --<br/>The Milan systemic model --<br/>Behavioral and cognitive-behavioral models --<br/>Part IV: New Directions in Family Therapy --<br/>Social construction models I: solution-focused therapy and collaborative therapy --<br/>Social construction models II: narrative therapy --<br/>Psychoeducational models: teaching skills to specific populations --<br/>Part V: Clinical Research: The Synergy of Science and Practice --<br/>Research on family assessment and therapeutic outcomes --<br/>Part VI: Family Theories and Family Therapies: An Overview --<br/>A comparative view of family theories and therapies --<br/>Appendix A: AAMFT Code of ethics --<br/>Appendix B: Becoming a competent family therapist: training and supervision.
650 #0 - SUBJECTS
Topical Term Family psychotherapy.
700 1# - OTHER AUTHORS
Personal name Goldenberg, Irene.
700 1# - OTHER AUTHORS
Personal name White, Michael.
942 ## - ADDED ENTRY ELEMENTS (KOHA)
Koha item type Books
Holdings
Withdrawn status Lost status Collection code Home library Current library Shelving location Date acquired Full call number Accession Number Koha item type
    Reference Methodist University Library Main Methodist University Library Main General Stacks 31/08/2011 RC488.5 .G64 33634 Books
Copyright © 2026  MUG Library